000 00428nam a2200157 i 4500
001 73586
003 ES-MaACL
005 20230906171848.0
007 t|
008 040908s1928 sp ||||1| spa d
100 1 _aGómez Morin, Manuel.
_958071
245 1 3 _aEl crédito agrícola en México /
_cManuel Gómez Morin.
260 _aMadrid :
_b[Espasa-Calpe],
_c1928.
300 _a332 p. ;
_c19 cm.
852 _aES-MaACL
_jC-4403
999 _c73586
_d73586